000 00585nam a22001817a 4500
008 150504b xxu||||| |||| 00| 0 eng d
020 _a9780826494702
050 _aB2430.B273L6413 2009
100 _aBadiou, Alain
_917642
245 _aLogics of the worlds
_bbeing and event II
_c/by Alain Badiou ; translated by Alberto Toscano
260 _aLondon
_bContinum
_c2009
300 _axvii,617p. ;
_c21cm.
650 _aOntology
_917643
650 _aSubjectivity
_96385
650 _aTruth
_917644
700 _aToscano, Alberto (translator)
_917645
942 _2lcc
_cMONOGRAPH
999 _c122793
_d122793